Železiareň v Tisovci

Bibliographic Details
Main Author: Cengel, Peter (metalurg) (Author)
Format: Book
Language:Slovak
PhysicalDescription:40 s. fotogr., tab. 21 cm
Published: Košice [Peter Cengel] 2010
ISBN:9788097040338
Edition:[1. vyd.]
Subjects:

MARC

LEADER 00000nam a2200000 a 4500
001 vtls010285746
003 SK-MaSNL
005 20260302011815.0
008 240313s2010 xo ol g 000 0 slo
015 |a SNBA2011/08-04489 
020 |a 9788097040338  |q (brož.) 
035 |a C158522C-3DA6-4EDD-9896-DB9C7E904E47 
035 |a urn:nbn:sk:snk-amji3g 
035 |a urn:nbn:sk:snk-am001yhm 
040 |a SNK  |b slo  |c SNK  |e AACR2 
041 0 |a slo 
043 |a e-xo--- 
044 |a xo  |c SK 
072 7 |a 669  |x Metalurgia  |2 konspekt 
080 |a 669.1:334.716  |2 2001 
080 |a (437.6)  |2 2001 
080 |a (048.8)  |2 2001 
100 1 |a Cengel, Peter  |c (metalurg)  |4 aut  |9 6340 
245 1 0 |a Železiareň v Tisovci  |c Peter Cengel 
250 |a [1. vyd.] 
260 |a Košice  |b [Peter Cengel]  |c 2010 
300 |a 40 s.  |b fotogr., tab.  |c 21 cm 
500 |a Názov z obalu 
500 |a Vydav. podľa ISBN 
504 |a Pozn. 
650 0 7 |a Iron-works  |x history  |2 SNKPHeng  |9 599187 
650 0 7 |a dejiny  |2 SNKPH  |9 3825 
650 0 7 |a železiarne  |2 SNKPH  |9 51885 
651 7 |a Tisovec (Slovensko)  |2 SNKPH  |9 31510 
651 7 |a Tisovec (Slovakia)  |2 SNKPHeng  |9 144095 
655 7 |a prehľady  |2 SNKPH  |9 70194 
655 7 |a Surveys  |2 SNKPHeng  |9 266058 
919 |a 978-80-970403-3-8 
958 |a OND 
968 |d 66/69 
999 |c 1007452  |d 1009382 
952 |a SNK  |b SNK  |y PREZ  |7 0  |p 17A0704727  |o snkSC 145816  |i snk2011/13620  |8 0  |0 0  |1 0  |4 0  |d 2011-06-14  |l 0  |r 2025-07-15 00:00:00  |w 2026-02-24 
952 |a SNK  |b SNK  |y VYP  |7 0  |p 17A0704726  |o snkSC 145816 D1  |i snk2011/13621  |8 0  |0 0  |1 0  |4 0  |d 2011-06-14  |f 1  |l 0  |r 2026-02-24 12:40:43  |w 2026-02-24